000
00297nam a22001337a 4500
008
170601b xxu||||| |||| 00| 0 eng d
020
_a
9780534599331
041
_a
eng
080
_2
4TH
_a
94(100)
100
_a
17
101
_a
SHH
245
_a
WORLD CIVILAZTIONS
_c
ADLER,PH.J
942
_2
udc
_c
BK
999
_c
15403
_d
15403